000 00560nam a2200193Ia 4500
005 20250923145341.0
008 008 250917s9999 xx 000 0 eng d
037 _aTextual
040 _aDSWL
_beng
_cDSWL
041 _aeng
_2eng
084 _aT4:3OaYX;1-8x, N75
_qDSWL
245 0 _aEducation and Social Action
_c Ed.by Sinclair Goodlad
260 _aLondon
_bGeorge Allen & Unwin
_c1975
300 _a203p.
365 _aINR
_b60 . 84
925 _g60 . 84
942 _cTEXL
_hT4:3OaYX;1-8x, N75
999 _c1450317
_d1450317